[Event "Konik Morski Rewala OPEN A"]
[Site "Rewal"]
[Date "2007.08.23"]
[Round "3.33"]
[White "Stoma, Pawel"]
[Black "Marta, Daniele"]
[Result "1-0"]
[WhiteElo "2233"]
[BlackElo "2079"]
[PlyCount "97"]
[EventDate "2007.??.??"]

1. e4 e6 2. d4 d5 3. exd5 exd5 4. Nf3 Bd6 5. c4 c6 6. Nc3 Ne7 7. c5 Bc7 8. a3
Bf5 9. Bd3 Qc8 10. O-O O-O 11. Ne2 Nd7 12. Ng3 Bxd3 13. Qxd3 Ng6 14. b4 a6 15.
a4 b5 16. Ng5 Nf6 17. Re1 Re8 18. Rxe8+ Qxe8 19. Bd2 Qd7 20. axb5 cxb5 21. Nf3
h6 22. Kf1 Kf8 23. Qf5 Qxf5 24. Nxf5 Ne4 25. Be1 Ne7 26. Ne3 Ke8 27. Ke2 Kd7
28. Kd3 Ke6 29. Nd2 Nf6 30. g3 Nc6 31. Nb3 h5 32. Ra2 g6 33. f3 Kd7 34. h3 Bxg3
35. Bxg3 Nxb4+ 36. Kd2 Nxa2 37. Be5 Ke6 38. Bxf6 Kxf6 39. Nxd5+ Kf5 40. c6 Kg5
41. c7 b4 42. Nb6 Re8 43. Nc5 Nc3 44. Ne4+ Kf4 45. Nxc3 bxc3+ 46. Kxc3 Kf5 47.
Kc4 Ke6 48. Kc5 a5 49. d5+ 1-0

[Event "Konik Morski Rewala OPEN A"]
[Site "Rewal"]
[Date "2007.08.23"]
[Round "3.35"]
[White "Krasenkova, Ilena"]
[Black "Dragun, Kamil"]
[Result "0-1"]
[WhiteElo "2224"]
[BlackElo "2050"]
[PlyCount "166"]
[EventDate "2007.??.??"]

1. d4 Nf6 2. c4 c5 3. d5 b5 4. cxb5 a6 5. f3 axb5 6. e4 d6 7. Bxb5+ Bd7 8. Bc4
g6 9. Nc3 Bg7 10. Nge2 O-O 11. O-O Na6 12. a3 Qb6 13. b3 Rfb8 14. Be3 Qb7 15.
Qd2 Nc7 16. a4 Be8 17. Bg5 Kf8 18. Bh6 Nd7 19. Bxg7+ Kxg7 20. f4 Nb6 21. f5
Nxc4 22. bxc4 Qb4 23. f6+ exf6 24. Qf4 Qxc4 25. Qxd6 Na6 26. Qxf6+ Kg8 27. e5
Nb4 28. e6 Rb7 29. Rad1 Nc2 30. Nb5 Qxe2 31. Nd6 Ne3 32. Qg5 Nxd1 33. Nxb7 Qe3+
34. Qxe3 Nxe3 35. Re1 Nxd5 36. Nxc5 fxe6 37. Rxe6 Bxa4 38. Nxa4 Rxa4 39. Re5
Nf6 40. h3 Kf7 41. Kf2 Rf4+ 42. Kg1 h6 43. Ra5 g5 44. g3 Rb4 45. Kg2 Rb3 46. g4
Rd3 47. Ra6 Ke7 48. Rb6 Rd6 49. Rb8 Nd5 50. h4 Rb6 51. Rh8 Re6 52. hxg5 hxg5
53. Ra8 Kd6 54. Rg8 Re5 55. Kf3 Kc5 56. Ra8 Re3+ 57. Kf2 Kd4 58. Rg8 Re5 59.
Kf3 Nf4 60. Rd8+ Rd5 61. Rg8 Ne6 62. Re8 Ke5 63. Ke3 Rd7 64. Ra8 Rc7 65. Ra3
Rc5 66. Rb3 Nf4 67. Kf3 Nd5 68. Rb8 Rc3+ 69. Kf2 Kf4 70. Rb5 Rc2+ 71. Ke1 Nc3
72. Rb4+ Ne4 73. Kf1 Kf3 74. Rb3+ Rc3 75. Rxc3+ Nxc3 76. Kg1 Kxg4 77. Kg2 Kf4
78. Kf2 g4 79. Kg2 Na4 80. Kf2 g3+ 81. Kg2 Nb6 82. Kh1 Kf3 83. Kg1 g2 0-1

[Event "Konik Morski Rewala OPEN A"]
[Site "Rewal"]
[Date "2007.08.23"]
[Round "3.36"]
[White "Czaus, Piotr"]
[Black "Christensen, Bo Garner"]
[Result "0-1"]
[WhiteElo "1981"]
[BlackElo "2223"]
[PlyCount "98"]
[EventDate "2007.??.??"]

1. d4 Nf6 2. c4 c5 3. d5 e6 4. Nc3 exd5 5. cxd5 d6 6. e4 g6 7. Bd3 Bg7 8. Nge2
O-O 9. O-O Na6 10. a3 Re8 11. Qc2 Nc7 12. Ng3 Rb8 13. b4 b6 14. b5 Bd7 15. Bf4
Qe7 16. Rab1 Ng4 17. Nce2 Qh4 18. h3 Ne5 19. Bxe5 Bxe5 20. f4 Bg7 21. Rf3 Re7
22. a4 Ne8 23. Rbf1 Nf6 24. Nc1 Bg4 25. e5 Bxf3 26. exf6 Qxg3 27. Rxf3 Qe1+ 28.
Rf1 Qe3+ 29. Kh1 Bxf6 30. Ne2 Ree8 31. Rf3 Qe7 32. g4 Rbc8 33. Qc4 Bg7 34. f5
Be5 35. Kg2 Qg5 36. Ng3 Bxg3 37. Kxg3 Re3 38. fxg6 hxg6 39. Qf4 Qxf4+ 40. Kxf4
Rxf3+ 41. Kxf3 Kg7 42. h4 Rh8 43. Kg3 Re8 44. Kf4 Re1 45. h5 gxh5 46. gxh5 Re5
47. Bf5 Rxd5 48. Kg5 f6+ 49. Kf4 Rd4+ 0-1

[Event "Konik Morski Rewala OPEN A"]
[Site "Rewal"]
[Date "2007.08.23"]
[Round "3.37"]
[White "Wandzik, Wojciech"]
[Black "Walentukiewicz, Michal"]
[Result "0-1"]
[WhiteElo "2009"]
[BlackElo "2201"]
[PlyCount "97"]
[EventDate "2007.??.??"]

1. e4 g6 2. d4 Bg7 3. Nc3 c5 4. Nf3 cxd4 5. Nxd4 Nc6 6. Be3 Nf6 7. Be2 O-O 8.
O-O d6 9. Kh1 Qa5 10. f4 Bd7 11. Bf3 Rac8 12. Qd2 Rfd8 13. Rad1 Bg4 14. a3 Bxf3
15. Rxf3 a6 16. Bg1 Qc7 17. Nxc6 bxc6 18. Rd3 Re8 19. Bd4 Nh5 20. Be3 Rb8 21.
b3 Qa5 22. Na4 Qc7 23. e5 Bf8 24. c4 Ng7 25. c5 d5 26. Nb6 f6 27. Qb2 fxe5 28.
Qxe5 Qxe5 29. fxe5 Ne6 30. b4 Bg7 31. Bf2 Rb7 32. Bg3 Ng5 33. Rf1 e6 34. Kg1
Ne4 35. Re3 Ra7 36. Rb1 Rf8 37. a4 Raf7 38. b5 Nd2 39. Ree1 Nxb1 40. Rxb1 axb5
41. axb5 cxb5 42. h3 Bh6 43. Rxb5 Be3+ 44. Kh2 Rc7 45. Na4 Rf1 46. Bh4 g5 47.
Rb3 Bg1+ 48. Kg3 gxh4+ 49. Kxh4 0-1

[Event "Konik Morski Rewala OPEN A"]
[Site "Rewal"]
[Date "2007.08.23"]
[Round "3.38"]
[White "Mazurkiewicz, Michal"]
[Black "Polok, Rafal"]
[Result "1-0"]
[WhiteElo "2199"]
[BlackElo "1942"]
[PlyCount "51"]
[EventDate "2007.??.??"]

1. e4 e6 2. d3 d5 3. Nd2 Nf6 4. g3 c5 5. Bg2 Nc6 6. Ngf3 b6 7. O-O Bb7 8. Re1
Be7 9. Qe2 Qc7 10. exd5 exd5 11. Ne5 Nxe5 12. Qxe5 Qxe5 13. Rxe5 Kd7 14. Bh3+
Kd8 15. Nf3 Bd6 16. Re1 h6 17. Ne5 Bxe5 18. Rxe5 Re8 19. Bf4 g5 20. Rxe8+ Nxe8
21. Bd2 Nf6 22. Re1 Bc8 23. Bg2 Be6 24. f4 g4 25. f5 Bxf5 26. Rf1 1-0

[Event "Konik Morski Rewala OPEN A"]
[Site "Rewal"]
[Date "2007.08.23"]
[Round "3.39"]
[White "Gorol, Magdalena"]
[Black "Stachanczyk, Jacek"]
[Result "1-0"]
[WhiteElo "1834"]
[BlackElo "2186"]
[PlyCount "85"]
[EventDate "2007.??.??"]

1. e4 c5 2. Nc3 d6 3. f4 Nc6 4. Nf3 g6 5. Bc4 Bg7 6. d3 e6 7. O-O Nge7 8. Qe1
Nd4 9. Nxd4 cxd4 10. Ne2 O-O 11. Qf2 d5 12. Bb3 Qb6 13. Ng3 dxe4 14. dxe4 Bd7
15. Bd2 Rac8 16. Rad1 Qc5 17. a3 a5 18. Kh1 b6 19. Ne2 Bc6 20. Ng3 Bd7 21. Ne2
Bb5 22. Rfe1 Rfd8 23. Ng3 Bd7 24. Rf1 Rc7 25. Ne2 Bb5 26. Rfe1 Rdc8 27. Ng3 Bd7
28. Ne2 h6 29. Qh4 Kh7 30. h3 Ng8 31. g4 a4 32. Bb4 Qc6 33. Nxd4 Bxd4 34. Rxd4
axb3 35. cxb3 Be8 36. Bf8 Rd7 37. Rc4 Qb7 38. Bxh6 Nxh6 39. g5 Rxc4 40. bxc4
Kg8 41. gxh6 Kh7 42. Qf6 Kxh6 43. Qh8# 1-0

[Event "Konik Morski Rewala OPEN A"]
[Site "Rewal"]
[Date "2007.08.23"]
[Round "3.40"]
[White "Dinckel, Joerg"]
[Black "Paci, Cedric"]
[Result "0-1"]
[WhiteElo "2066"]
[BlackElo "2304"]
[PlyCount "58"]
[EventDate "2007.??.??"]

1. d4 e6 2. c4 b6 3. Nf3 Bb7 4. g3 f5 5. Bg2 Nf6 6. O-O Be7 7. Nc3 O-O 8. d5
Na6 9. Nd4 Nc5 10. Bf4 Nh5 11. e3 Nf6 12. Bg5 Nxd5 13. cxd5 Bxg5 14. b4 Ne4 15.
Nxe4 fxe4 16. dxe6 d5 17. Qb3 Qe7 18. Rac1 c5 19. bxc5 bxc5 20. Nb5 Rab8 21.
Nxa7 c4 22. Qb6 Ba8 23. Qa6 d4 24. Qxc4 dxe3 25. Qc5 exf2+ 26. Rxf2 Qxc5 27.
Rxc5 Be3 28. e7 Bxf2+ 29. Kh1 Rb1+ 0-1

[Event "Konik Morski Rewala OPEN A"]
[Site "Rewal"]
[Date "2007.08.23"]
[Round "3.41"]
[White "Pieczonka, Marcin"]
[Black "Rawicz, Karol"]
[Result "1-0"]
[WhiteElo "2055"]
[BlackElo "2170"]
[PlyCount "53"]
[EventDate "2007.??.??"]

1. e4 c5 2. Nf3 d6 3. d4 cxd4 4. Nxd4 Nf6 5. Nc3 a6 6. f3 e6 7. Be3 Qc7 8. Qd2
Be7 9. O-O-O Nc6 10. Kb1 O-O 11. g4 Nd7 12. f4 b5 13. Bd3 Nc5 14. g5 Nxd4 15.
Bxd4 b4 16. Ne2 e5 17. Be3 Bb7 18. Ng3 d5 19. Bxc5 Qxc5 20. exd5 exf4 21. Nh5
Bxd5 22. Bxh7+ Kxh7 23. Qxd5 Qe3 24. Qf5+ g6 25. Nf6+ Kg7 26. Qe4 Rad8 27. h4
1-0

[Event "Konik Morski Rewala OPEN A"]
[Site "Rewal"]
[Date "2007.08.23"]
[Round "3.42"]
[White "Baumann, Dariusz"]
[Black "Majcher, Marcin"]
[Result "1-0"]
[WhiteElo "2050"]
[BlackElo "2163"]
[PlyCount "53"]
[EventDate "2007.??.??"]

1. d4 d5 2. c4 c6 3. Nf3 Nf6 4. Nc3 e6 5. e3 Nbd7 6. Bd3 dxc4 7. Bxc4 b5 8. Bd3
Bb7 9. O-O a6 10. e4 c5 11. d5 Qc7 12. dxe6 fxe6 13. Qe2 c4 14. Bc2 Bd6 15. Ng5
Nc5 16. f4 e5 17. a4 Qb6 18. fxe5 Bxe5 19. Be3 O-O 20. axb5 axb5 21. Rxa8 Bxa8
22. Na4 bxa4 23. Qxc4+ Kh8 24. Bxc5 Qc6 25. Bxa4 Qc8 26. Bb3 Bxb2 27. Bxf8 1-0

[Event "Konik Morski Rewala OPEN A"]
[Site "Rewal"]
[Date "2007.08.23"]
[Round "3.43"]
[White "Dudys, Jakub"]
[Black "Janczarski, Michal"]
[Result "1/2-1/2"]
[WhiteElo "2162"]
[BlackElo "2088"]
[PlyCount "138"]
[EventDate "2007.??.??"]

1. e4 e5 2. Nf3 Nc6 3. d4 exd4 4. Bc4 Bc5 5. c3 Nf6 6. e5 d5 7. Bb5 Ne4 8. cxd4
Bb4+ 9. Bd2 Nxd2 10. Nbxd2 O-O 11. O-O Ne7 12. Qa4 Bxd2 13. Nxd2 f6 14. Rae1
fxe5 15. Rxe5 c6 16. Bd3 Qd6 17. Qc2 g6 18. Rfe1 Nf5 19. Nf3 Qf6 20. Qe2 Nd6
21. Ng5 Bf5 22. Bxf5 Nxf5 23. Ne6 Rf7 24. Qd2 Re8 25. Qf4 Rfe7 26. Ng5 Rxe5 27.
dxe5 h6 28. Nf3 Qg7 29. Nd4 Nxd4 30. Qxd4 b6 31. f4 Qd7 32. b4 Kh7 33. h3 a5
34. Rd1 Rd8 35. Rc1 Rc8 36. Kh2 Qf7 37. g3 h5 38. g4 c5 39. Qf2 d4 40. Qh4 Kg7
41. f5 gxf5 42. Rf1 Rh8 43. Qg3 f4 44. Rxf4 Qxa2+ 45. Rf2 Qe6 46. Qf4 Re8 47.
Qg5+ Qg6 48. Qf4 d3 49. bxc5 bxc5 50. h4 Qe6 51. Qg5+ Qg6 52. Qf4 Qe6 53. Qg5+
Qg6 54. Qe3 Qe6 55. Rf5 c4 56. Qa7+ Re7 57. Qe3 Rf7 58. Rg5+ Kh8 59. Qe4 Re7
60. Rxh5+ Kg8 61. Rg5+ Kh8 62. Qe3 Rd7 63. Qf3 Rd8 64. Rh5+ Kg8 65. Rg5+ Kh8
66. Rh5+ Kg8 67. Qe4 Qf7 68. Rg5+ Kh8 69. Rh5+ Kg8 1/2-1/2

[Event "Konik Morski Rewala OPEN A"]
[Site "Rewal"]
[Date "2007.08.23"]
[Round "3.44"]
[White "Siwiec, Arkadiusz"]
[Black "Mazalon, Mariusz"]
[Result "0-1"]
[WhiteElo "2048"]
[BlackElo "2158"]
[PlyCount "36"]
[EventDate "2007.??.??"]

1. e4 g6 2. d4 Bg7 3. Nc3 c6 4. Be3 d5 5. Qd2 dxe4 6. Nxe4 Nd7 7. O-O-O Ngf6 8.
f3 O-O 9. h4 Nxe4 10. fxe4 Nf6 11. e5 Ng4 12. Bf4 c5 13. Nf3 cxd4 14. h5 Bf5
15. Nxd4 Rc8 16. Re1 Qxd4 17. Qxd4 Rxc2+ 18. Kb1 Rc4+ 0-1

[Event "Konik Morski Rewala OPEN A"]
[Site "Rewal"]
[Date "2007.08.23"]
[Round "3.45"]
[White "Krasnodebska, Magdalena"]
[Black "Kopisch, Martin"]
[Result "1/2-1/2"]
[WhiteElo "1992"]
[BlackElo "2154"]
[PlyCount "36"]
[EventDate "2007.??.??"]

1. e4 c6 2. d4 d5 3. Nc3 g6 4. Nf3 Bg7 5. h3 Nf6 6. Bd3 dxe4 7. Nxe4 Bf5 8.
Nxf6+ Bxf6 9. c3 Qd7 10. Bf4 Bxd3 11. Qxd3 Na6 12. O-O-O Qd5 13. Kb1 b5 14.
Rhe1 O-O 15. Re3 Nb8 16. g4 e6 17. Be5 Bg7 18. Bxg7 Kxg7 1/2-1/2

[Event "Konik Morski Rewala OPEN A"]
[Site "Rewal"]
[Date "2007.08.23"]
[Round "3.46"]
[White "Wiewiora, Eneasz"]
[Black "Gola, Karol"]
[Result "1-0"]
[WhiteElo "1911"]
[BlackElo "2141"]
[PlyCount "83"]
[EventDate "2007.??.??"]

1. e4 c5 2. c3 Nf6 3. e5 Nd5 4. d4 cxd4 5. Nf3 e6 6. cxd4 b6 7. Nc3 Nxc3 8.
bxc3 Bb7 9. Bd3 Qc7 10. Bd2 d6 11. O-O Nd7 12. Re1 Be7 13. exd6 Bxd6 14. Ne5
Nxe5 15. dxe5 Bxe5 16. Bb5+ Kf8 17. Qh5 Bd6 18. Be3 Qxc3 19. Rad1 Qe5 20. Qh4
Be7 21. Qa4 a6 22. Bf1 b5 23. Qa5 Qb8 24. Rd7 Bc6 25. Rc7 Bd5 26. Rec1 Qd8 27.
Bb6 Qe8 28. Qc3 Bxa2 29. Bc5 Kg8 30. Bxe7 h5 31. Bd3 f5 32. Ba3 Rh7 33. Bb2 Qf8
34. Qe5 Rd8 35. Be2 h4 36. h3 Bd5 37. Ra7 Ra8 38. Rcc7 Rxa7 39. Rxa7 g5 40.
Rxa6 b4 41. Rb6 Kf7 42. Qf6+ 1-0

[Event "Konik Morski Rewala OPEN A"]
[Site "Rewal"]
[Date "2007.08.23"]
[Round "3.47"]
[White "Kunicki, Michal"]
[Black "Kielar, Maciej"]
[Result "1/2-1/2"]
[WhiteElo "2120"]
[BlackElo "1976"]
[PlyCount "50"]
[EventDate "2007.??.??"]

1. d4 Nf6 2. c4 g6 3. Nc3 Bg7 4. e4 d6 5. f3 O-O 6. Bg5 c5 7. d5 e6 8. Nge2
exd5 9. Nxd5 Nc6 10. Nec3 Be6 11. Be2 Bxd5 12. Nxd5 Qa5+ 13. Qd2 Qxd2+ 14. Kxd2
Nxd5 15. cxd5 Na5 16. Be7 Bxb2 17. Bxf8 Kxf8 18. Rab1 Be5 19. Rb5 b6 20. g4
Bf4+ 21. Kc2 Rc8 22. h4 h6 23. h5 g5 24. Rhb1 Rc7 25. Kc3 Be5+ 1/2-1/2

[Event "Konik Morski Rewala OPEN A"]
[Site "Rewal"]
[Date "2007.08.23"]
[Round "3.48"]
[White "Diczew, Filip"]
[Black "Kotermanska, Anna"]
[Result "1-0"]
[WhiteElo "2112"]
[BlackElo "1980"]
[PlyCount "61"]
[EventDate "2007.??.??"]

1. e4 e5 2. Bc4 Nc6 3. c3 Nf6 4. Qe2 Be7 5. Nf3 d6 6. d3 O-O 7. Nbd2 a6 8. Bb3
Be6 9. Nf1 Re8 10. Ng3 d5 11. O-O d4 12. h3 Qd7 13. Bxe6 fxe6 14. Nh2 Rad8 15.
c4 Rf8 16. a3 a5 17. b3 Qe8 18. Bd2 Qg6 19. Rfb1 h5 20. Nf3 Nh7 21. b4 h4 22.
Nf1 axb4 23. axb4 Qh5 24. N1h2 b6 25. Ng4 Bd6 26. c5 bxc5 27. bxc5 Ne7 28. cxd6
cxd6 29. Rb7 Rf7 30. Raa7 Re8 31. Qd1 1-0

[Event "Konik Morski Rewala OPEN A"]
[Site "Rewal"]
[Date "2007.08.23"]
[Round "3.49"]
[White "Walas, Aleksandra"]
[Black "Andrenko, Irina"]
[Result "0-1"]
[WhiteElo "1884"]
[BlackElo "2108"]
[PlyCount "105"]
[EventDate "2007.??.??"]

1. Nf3 d6 2. d4 g6 3. c4 Bg7 4. g3 Nd7 5. Bg2 e5 6. O-O Ne7 7. dxe5 dxe5 8. e4
O-O 9. Nc3 c6 10. Be3 Qc7 11. b4 Rd8 12. Qb3 Nf8 13. Rad1 Be6 14. Ng5 h6 15.
Nxe6 Nxe6 16. Rxd8+ Rxd8 17. Qa3 b6 18. b5 Nd4 19. bxc6 Nexc6 20. Nd5 Qb7 21.
Rd1 Kh7 22. Qb2 Qa6 23. Bf1 Qa5 24. a4 Rd7 25. Bd2 Qxa4 26. Qc1 Nb3 27. Qc2
Ncd4 28. Qc3 Nc5 29. Ra1 Qb3 30. Qc1 Nxe4 31. Ra3 Qc2 32. Qxc2 Nxc2 33. Ra2
Nxd2 34. Rxc2 Nf3+ 35. Kg2 Nd4 36. Ra2 f5 37. f3 Kg8 38. h3 Kf7 39. h4 h5 40.
Kf2 Bf8 41. g4 hxg4 42. fxg4 Bc5 43. gxf5 gxf5 44. Kg3 Ke6 45. h5 Rh7 46. Kh4
Nf3+ 47. Kg3 e4 48. Nf4+ Kf6 49. Ng2 Rxh5 50. Rxa7 Rg5+ 51. Kh3 Ng1+ 52. Kh2
Rh5+ 53. Kg3 0-1

[Event "Konik Morski Rewala OPEN A"]
[Site "Rewal"]
[Date "2007.08.23"]
[Round "3.50"]
[White "Korosciel, Aneta"]
[Black "Musialkiewicz, Jan"]
[Result "0-1"]
[WhiteElo "2105"]
[BlackElo "1926"]
[PlyCount "76"]
[EventDate "2007.??.??"]

1. e4 e5 2. Nf3 Nc6 3. Bb5 Nge7 4. O-O d6 5. c3 Bd7 6. d4 Ng6 7. Be2 a6 8. Bc4
Be7 9. Be3 O-O 10. Na3 Na5 11. Bd3 c5 12. b4 exd4 13. cxd4 cxb4 14. Nc2 b3 15.
Nb4 bxa2 16. Rxa2 Nc6 17. Nd5 f5 18. Bc4 Kh8 19. Nxe7 Qxe7 20. Ng5 h6 21. f4 b5
22. exf5 Bxf5 23. Bb3 Rae8 24. Nf7+ Rxf7 25. Bxf7 Qxf7 26. Rxa6 Nb4 27. Ra3 Nc2
28. Rc3 b4 29. Rxc2 Bxc2 30. f5 Nf8 31. f6 gxf6 32. Qxc2 Rxe3 33. Qd2 Qe7 34.
Kf2 Re4 35. Qxh6+ Nh7 36. Ra1 Qb7 37. Qg6 Qc6 38. Kg1 b3 0-1

[Event "Konik Morski Rewala OPEN A"]
[Site "Rewal"]
[Date "2007.08.23"]
[Round "3.51"]
[White "Krzywkowski, Marcin"]
[Black "Organisciak, Wojciech"]
[Result "0-1"]
[WhiteElo "1861"]
[BlackElo "2095"]
[PlyCount "48"]
[EventDate "2007.??.??"]

1. d4 f5 2. Qd3 e6 3. e4 fxe4 4. Qxe4 Nf6 5. Qh4 b6 6. Bd3 Bb7 7. Nf3 c5 8.
Bg6+ hxg6 9. Qxh8 Bxf3 10. gxf3 cxd4 11. Rg1 Kf7 12. Qh4 Qc7 13. c3 Qe5+ 14.
Kd1 Nc6 15. Bg5 Be7 16. Bxf6 Bxf6 17. Qe4 Rh8 18. Qxg6+ Ke7 19. Qg3 Qb5 20. Kc1
Ne5 21. Na3 Nd3+ 22. Kd2 Qxb2+ 23. Kxd3 Qxc3+ 24. Ke2 d3+ 0-1

[Event "Konik Morski Rewala OPEN A"]
[Site "Rewal"]
[Date "2007.08.23"]
[Round "3.52"]
[White "Gorecka, Joanna"]
[Black "Pacak, Mateusz"]
[Result "1-0"]
[WhiteElo "2089"]
[BlackElo "1885"]
[PlyCount "85"]
[EventDate "2007.??.??"]

1. e4 e6 2. d4 d5 3. Nc3 Bb4 4. e5 Qd7 5. a3 Bxc3+ 6. bxc3 b6 7. Ne2 Ba6 8. g3
Qa4 9. Bg2 Nc6 10. Nf4 g6 11. Nd3 Na5 12. O-O h6 13. Re1 Ne7 14. Rb1 O-O-O 15.
Bf1 Qe8 16. Qf3 Bc4 17. Bg2 Nf5 18. Nb2 Ba6 19. Rd1 c6 20. Nd3 Bb5 21. Nb4 Qd7
22. Ra1 Kb8 23. a4 Bc4 24. Ba3 Rc8 25. Nd3 Ka8 26. Rdb1 Nb7 27. Bb4 c5 28. dxc5
bxc5 29. Ba3 Qc7 30. a5 a6 31. Rb6 Bb5 32. Rxb5 axb5 33. a6 Na5 34. Bxc5 Nc4
35. Bd4 Nxd4 36. cxd4 Rhf8 37. Nc5 Qa7 38. Nb3 Rc6 39. Qf6 Rxa6 40. Rxa6 Qxa6
41. Bxd5+ Kb8 42. Qe7 Rc8 43. Be4 1-0

[Event "Konik Morski Rewala OPEN A"]
[Site "Rewal"]
[Date "2007.08.23"]
[Round "3.53"]
[White "Budrewicz, Krzysztof"]
[Black "Kowalska, Sara"]
[Result "1-0"]
[WhiteElo "2224"]
[BlackElo "1867"]
[PlyCount "137"]
[EventDate "2007.??.??"]

1. d4 d5 2. Nf3 Nf6 3. c4 e6 4. Nc3 Be7 5. Bf4 c6 6. e3 O-O 7. Rc1 Nbd7 8. a3
b6 9. Bd3 Bb7 10. cxd5 exd5 11. h3 c5 12. O-O a6 13. Bb1 Re8 14. Bg3 Ne4 15.
Bh2 Ndf6 16. dxc5 Nxc3 17. Rxc3 bxc5 18. Qb3 Ra7 19. Rd1 Ba8 20. Rcc1 Bd6 21.
Bxd6 Qxd6 22. Qc2 Rc7 23. b4 Rec8 24. bxc5 Rxc5 25. Qb2 h6 26. Bd3 Rxc1 27.
Rxc1 Rb8 28. Qc3 Ne4 29. Qa5 Bb7 30. Nd4 Qf6 31. Rc2 Rc8 32. Rxc8+ Bxc8 33. f3
Qg5 34. Qe1 Bxh3 35. Bf1 Nd6 36. f4 Qg6 37. Nc6 Nf5 38. Ne5 Qb6 39. gxh3 Nxe3
40. Qf2 Qb3 41. Bxa6 Qxa3 42. Be2 Qc1+ 43. Kh2 d4 44. Ng4 Nxg4+ 45. hxg4 Qd2
46. Kg3 d3 47. Bf3 Qc1 48. Qd4 d2 49. Qd8+ Kh7 50. Qd3+ Kg8 51. Qe4 Qe1+ 52.
Kg2 Qc1 53. Qe8+ Kh7 54. Be4+ g6 55. Qxf7+ Kh8 56. Qe8+ Kg7 57. Qxg6+ Kf8 58.
Qxh6+ Ke7 59. Qg7+ Kd8 60. Qd4+ Ke7 61. Bf3 Qc2 62. Kg3 Qc1 63. f5 Qc7+ 64. Qf4
Qc1 65. f6+ Kf8 66. Qd6+ Kg8 67. Bd5+ Kh7 68. Qe7+ Kh6 69. Qg7# 1-0

[Event "Konik Morski Rewala OPEN A"]
[Site "Rewal"]
[Date "2007.08.23"]
[Round "3.54"]
[White "Roth, Josef"]
[Black "Warchalowski, Daniel"]
[Result "1/2-1/2"]
[WhiteElo "2158"]
[BlackElo "2061"]
[PlyCount "99"]
[EventDate "2007.??.??"]

1. e4 e5 2. Nf3 Nc6 3. Bb5 Nf6 4. O-O Nxe4 5. Re1 Nd6 6. Nxe5 Be7 7. Ba4 O-O 8.
d4 Bf6 9. Bf4 Nf5 10. c3 Nce7 11. Nd2 d6 12. Ng4 Bh4 13. Nf1 Nd5 14. Bd2 Bg5
15. Nfe3 Nfxe3 16. Nxe3 Nf4 17. Bc2 Ng6 18. g3 Bxe3 19. Bxe3 f5 20. f4 d5 21.
Bf2 b6 22. Qf3 Ba6 23. Bb3 c6 24. h4 Ne7 25. Re5 Rb8 26. Rae1 Nc8 27. Qh5 Nd6
28. Bc2 g6 29. Qg5 Qxg5 30. fxg5 Ne4 31. Re6 Rbc8 32. Kg2 Rfe8 33. Rxe8+ Rxe8
34. Bxe4 fxe4 35. Be3 Rf8 36. Bf4 Rc8 37. Kf2 Bd3 38. Ke3 a5 39. h5 gxh5 40.
Rh1 c5 41. Rxh5 Rd8 42. Rh6 cxd4+ 43. Kxd4 b5 44. Bc7 Re8 45. Bf4 Bb1 46. a3
Ba2 47. Rb6 Bc4 48. Ke3 a4 49. Rb7 Rf8 50. Rc7 1/2-1/2

[Event "Konik Morski Rewala OPEN A"]
[Site "Rewal"]
[Date "2007.08.23"]
[Round "3.55"]
[White "Malczyk, Jakub"]
[Black "Klim, Kamil"]
[Result "0-1"]
[WhiteElo "2050"]
[BlackElo "2126"]
[PlyCount "104"]
[EventDate "2007.??.??"]

1. d4 Nf6 2. Nf3 g6 3. Bf4 Bg7 4. e3 O-O 5. h3 d6 6. Be2 Nbd7 7. O-O Qe8 8. c3
e5 9. dxe5 dxe5 10. Bh2 Qe7 11. Nbd2 Re8 12. Rc1 a6 13. e4 Nh5 14. Qc2 Nf4 15.
Bxf4 exf4 16. Nd4 Ne5 17. b4 c6 18. Rfe1 h5 19. Rcd1 Bf6 20. N2f3 Kg7 21. Nb3
Rh8 22. Nbd4 Be6 23. Rd2 Rae8 24. Qd1 Bc8 25. a3 Nxf3+ 26. Bxf3 Be5 27. Rd3 Qf6
28. Qe2 b6 29. Red1 c5 30. bxc5 bxc5 31. Nc2 Be6 32. R3d2 Bxc3 33. Rd6 a5 34.
Qb5 Be5 35. Rc6 Rc8 36. Qxc5 Rxc6 37. Qxc6 Rc8 38. Qa4 Rc4 39. Qb3 Rc3 40. Qb1
Qg5 41. Ne1 Rxa3 42. Kh2 Rb3 43. Qc2 Rc3 44. Qd2 a4 45. Rc1 Rxc1 46. Qxc1 Qd8
47. Bd1 Bb3 48. Bxb3 axb3 49. Qc5 Qd4 50. Qb5 f3+ 51. Kg1 Qd1 52. Kf1 Bc3 0-1

[Event "Konik Morski Rewala OPEN A"]
[Site "Rewal"]
[Date "2007.08.23"]
[Round "3.56"]
[White "Raczynski, Marcin"]
[Black "Schroeter, Guenter"]
[Result "1/2-1/2"]
[WhiteElo "2044"]
[BlackElo "2104"]
[PlyCount "64"]
[EventDate "2007.??.??"]

1. d4 d5 2. c4 e6 3. Nc3 Nf6 4. cxd5 exd5 5. Bg5 Nbd7 6. e3 c6 7. Bd3 Be7 8.
Qc2 O-O 9. h3 Re8 10. Nf3 Nf8 11. Bf4 Nh5 12. Bh2 Bd6 13. O-O Bxh2+ 14. Nxh2 g6
15. Kh1 Ng7 16. b4 a6 17. a4 Bf5 18. b5 Bxd3 19. Qxd3 axb5 20. axb5 Qb6 21.
bxc6 bxc6 22. Rab1 Qc7 23. Rfc1 Qd6 24. Nf3 Nd7 25. Rc2 Ra3 26. Rbc1 Rea8 27.
Qd1 Ne6 28. Nb1 R3a6 29. Nc3 Ra5 30. Ne1 R8a6 31. Nd3 Rb6 32. Qd2 Rba6 1/2-1/2

[Event "Konik Morski Rewala OPEN A"]
[Site "Rewal"]
[Date "2007.08.23"]
[Round "3.57"]
[White "Czachor, Radoslaw"]
[Black "Gosciniak, Maria"]
[Result "1-0"]
[WhiteElo "2038"]
[BlackElo "2076"]
[PlyCount "107"]
[EventDate "2007.??.??"]

1. e4 Nf6 2. e5 Nd5 3. c4 Nb6 4. c5 Nd5 5. Nc3 e6 6. Nxd5 exd5 7. d4 d6 8. cxd6
cxd6 9. Nf3 Nc6 10. Be2 dxe5 11. dxe5 Bb4+ 12. Bd2 Qa5 13. a3 Bxd2+ 14. Qxd2
Qxd2+ 15. Kxd2 Bg4 16. Rhe1 Ke7 17. h3 Be6 18. Rac1 Rac8 19. Rc3 h6 20. Rec1
Na5 21. Nd4 Rhd8 22. Ke3 Rxc3+ 23. Rxc3 Rc8 24. Rxc8 Bxc8 25. b3 g5 26. Bf1 Bd7
27. g3 Nc6 28. Nxc6+ Bxc6 29. b4 a6 30. Kd4 f6 31. Bg2 b6 32. Bxd5 Bb5 33.
exf6+ Kxf6 34. Bc4 Bd7 35. Bxa6 Bxh3 36. a4 Bg2 37. Bd3 h5 38. Be4 Bf1 39. f4
gxf4 40. gxf4 Ke6 41. Ke3 Kd6 42. Kf2 Bc4 43. Kg3 Bb3 44. a5 bxa5 45. bxa5 Kc5
46. a6 Kb6 47. Bd3 Be6 48. Kh4 Bf7 49. Kg5 Be8 50. f5 Bf7 51. f6 Ka7 52. Bg6
Bc4 53. Bxh5 Kxa6 54. Be2 1-0

[Event "Konik Morski Rewala OPEN A"]
[Site "Rewal"]
[Date "2007.08.23"]
[Round "3.58"]
[White "Morozova, Julia"]
[Black "Szudra, Heinz-werner"]
[Result "1-0"]
[WhiteElo "2073"]
[BlackElo "2029"]
[PlyCount "88"]
[EventDate "2007.??.??"]

1. d4 Nf6 2. Nf3 c5 3. e3 g6 4. c4 Bg7 5. Nc3 O-O 6. Be2 b6 7. O-O e6 8. e4 d6
9. e5 Ne8 10. dxc5 bxc5 11. Bf4 Nc6 12. exd6 e5 13. Nxe5 Nxe5 14. Bxe5 Bxe5 15.
Qd5 Bxh2+ 16. Kxh2 Qxd6+ 17. Qxd6 Nxd6 18. Bf3 Rb8 19. b3 Be6 20. Bd5 Rfe8 21.
Rfe1 Kg7 22. Bxe6 fxe6 23. Rad1 Rb6 24. Na4 Rc6 25. Re5 Rd8 26. Rxc5 Rxc5 27.
Nxc5 Kf7 28. Ne4 Nb7 29. Rxd8 Nxd8 30. Kg3 h6 31. Kf4 Nc6 32. Nc5 g5+ 33. Ke4
h5 34. Nd3 Kf6 35. b4 h4 36. b5 Na5 37. c5 Nc4 38. a4 e5 39. f3 Nd2+ 40. Kd5 e4
41. fxe4 g4 42. b6 axb6 43. cxb6 h3 44. gxh3 gxh3 1-0

[Event "Konik Morski Rewala OPEN A"]
[Site "Rewal"]
[Date "2007.08.23"]
[Round "3.59"]
[White "Labedz, Patrycja"]
[Black "Czartoryski, Pawel"]
[Result "1/2-1/2"]
[WhiteElo "1942"]
[BlackElo "2066"]
[PlyCount "120"]
[EventDate "2007.??.??"]

1. d4 Nf6 2. Nf3 g6 3. Bf4 Bg7 4. e3 O-O 5. Be2 d6 6. h3 c5 7. c3 b6 8. O-O Bb7
9. Nbd2 Nbd7 10. Bh2 Ne8 11. a4 a6 12. Qc2 e5 13. dxe5 dxe5 14. Rfd1 Qe7 15.
Nc4 Rd8 16. Nfd2 Nef6 17. Bf3 e4 18. Bd6 Qe6 19. Be2 Rfe8 20. Bh2 Bf8 21. Nb3
Bd5 22. Ncd2 a5 23. Bb5 Ne5 24. Bxe8 Rxe8 25. Nc1 Bd6 26. b3 Nf3+ 27. Nxf3 exf3
28. Bxd6 Qxd6 29. c4 Qe5 30. cxd5 Qg5 31. g3 Qh5 32. h4 Re4 33. Kf1 Qf5 34. Qd3
Nd7 35. Ke1 Ne5 36. Qc3 Ng4 37. Rd2 Nf6 38. Qd3 Qe5 39. Na2 Qxa1+ 40. Rd1 Qe5
41. Nc3 Rd4 42. Qc2 Rxd1+ 43. Kxd1 Nxd5 44. Nxd5 Qxd5+ 45. Kc1 Qe5 46. Kd2 Qa1
47. Kd3 Qf1+ 48. Kc3 Kf8 49. Qd2 Ke7 50. Qc2 b5 51. axb5 Qxb5 52. Qe4+ Kf8 53.
Qxf3 Qb4+ 54. Kc2 c4 55. bxc4 Qxc4+ 56. Kb2 Qb4+ 57. Kc2 a4 58. Qf6 Qb3+ 59.
Kc1 a3 60. Qd8+ Kg7 1/2-1/2